[Event "Summers"]
[Site "SchemingMind.com"]
[Date "2023.08.01"]
[Round "-"]
[White "Thomas Jacob Kelly"]
[Black "Aba"]
[Result "1-0"]
[WhiteCountry "USA"]
[BlackCountry "ISR"]
[WhiteElo "1856"]
[WhiteRD "78"]
[BlackElo "1780"]
[BlackRD "76"]
[GameID "736149"]

1. e4 e5 2. Nf3 Nc6 3. Bc4 Nf6 4. d4 exd4 5. O-O Nxe4 6. Re1 d5 7. Bxd5 Qxd5 8. Nc3 Qh5 9. Rxe4+ Be7 10. Nxd4 Qxd1+
11. Nxd1 Nxd4 12. Rxd4 c5 13. Re4 h6 14. Bf4 Be6 15. Ne3 Rd8 16. c3 Rf8 17. Re1 g5 18. Bg3 Rd7 19. Ra4 a6 20. f4 f5
21. Nc2 Bd5 22. Bf2 Kd8 23. Rxe7 Rxe7 24. Bxc5 Re4 25. Rxe4 Bxe4 26. Bxf8 Bxc2 27. Bxh6 g4 28. b4 Kd7 29. Kf2 Ke6 30. Bg7 Kd5
31. Ke1 Kc4 32. h4 gxh3 33. gxh3 Ba4 34. Kf2 Kd3 35. h4 Be8 36. a4 Bxa4 37. h5 Be8 38. h6 Bg6 39. Kg3 Ke4 40. Be5 Kd5
41. Kh4 Ke6 42. c4 b6 43. Bc7 b5 44. c5 Kd7 45. Ba5
1-0

[Event "Summers"]
[Site "SchemingMind.com"]
[Date "2023.08.01"]
[Round "-"]
[White "kenneth m day"]
[Black "Thomas Jacob Kelly"]
[Result "1/2-1/2"]
[WhiteCountry "USA"]
[BlackCountry "USA"]
[WhiteElo "1622"]
[WhiteRD "63"]
[BlackElo "1803"]
[BlackRD "85"]
[GameID "736150"]

1. e4 e6 2. d4 d5 3. Nc3 Nf6 4. Bg5 Be7 5. e5 Nfd7 6. Bxe7 Qxe7 7. Nf3 c5 8. Be2 b6 9. O-O a6 10. Qd2 O-O
11. Rfe1 Nc6 12. dxc5 bxc5 13. Rad1 Bb7 14. Qf4 Nb4 15. Rd2 d4 16. Ne4 Bxe4 17. Qxe4 Rfb8 18. a3 Nd5 19. b3 g5 20. Bd3 Nf8
21. h3 Ng6 22. Qg4 h6 23. Qh5 Kg7 24. Be4 Ra7 25. Bd3 Rc7 26. g3 Nb6 27. Qg4 Nd7 28. Qe4 Rb6 29. h4 Rc8 30. h5 Ngf8
31. g4 f6 32. exf6+ Kxf6 33. Rde2 Rcc6 34. a4 Rd6 35. Ne5 Rd5 36. Ng6 Qf7 37. f4 Nxg6 38. hxg6 Qg8 39. fxg5+ hxg5 40. Qf3+ Kg7
41. Rxe6 Rxe6 42. Rxe6 Qxe6 43. Bc4 Qe3+=
1/2-1/2

[Event "Summers"]
[Site "SchemingMind.com"]
[Date "2023.08.01"]
[Round "-"]
[White "Thomas Jacob Kelly"]
[Black "kenneth m day"]
[Result "1-0"]
[WhiteCountry "USA"]
[BlackCountry "USA"]
[WhiteElo "1872"]
[WhiteRD "85"]
[BlackElo "1707"]
[BlackRD "59"]
[GameID "736151"]

1. e4 e5 2. Nf3 d5 3. Nxe5 Bd6 4. d4 dxe4 5. Nc3 Nf6 6. Bg5 Be7 7. f4 O-O 8. Be2 Bf5 9. g4 Bc8 10. Bxf6 Bxf6
11. Nxe4 Nd7 12. g5 Be7 13. Bc4 Nxe5 14. dxe5 Bf5 15. Qf3 Qd4 16. Bd3 Qxb2 17. Ke2 Qd4 18. Rag1 Rfe8 19. c3 Qd5 20. Nf6+ gxf6
21. Qxd5 Rad8 22. gxf6+ Kf8 23. fxe7+ Kxe7 24. Qxd8+
1-0

[Event "Summers"]
[Site "SchemingMind.com"]
[Date "2023.08.04"]
[Round "-"]
[White "Holty"]
[Black "Thomas Jacob Kelly"]
[Result "1-0"]
[WhiteCountry "ENG"]
[BlackCountry "USA"]
[WhiteElo "1835"]
[WhiteRD "65"]
[BlackElo "1866"]
[BlackRD "79"]
[GameID "736152"]

1. d4 Nf6 2. Bf4 g6 3. Nc3 d5 4. e3 c6 5. Bd3 Nbd7 6. Nf3 Qa5 7. O-O Bg7 8. a3 Ne4 9. b4 Nxc3 10. bxa5 Nxd1
11. Rfxd1 O-O 12. c4 dxc4 13. Bxc4 b5 14. axb6 axb6 15. a4 Ba6 16. Bb3 Be2 17. Rdc1 Bxf3 18. gxf3 c5 19. Rd1 e6 20. Rab1 Rfc8
21. dxc5 Nxc5 22. Bc2 Nxa4 23. Bxa4 Rxa4 24. Rxb6 Bf6 25. Rd7 Rxf4 26. exf4 Bh4 27. Rbb7 Rf8 28. Rb2 Kg7 29. Kg2 h6 30. Rbd2 h5
31. R2d4 Bf6 32. Rd3 g5 33. fxg5 Bxg5 34. R3d6 Kf6 35. Rd4 Rg8 36. Kf1 Kf5 37. Rxf7+ Ke5 38. Ra4 Bd8 39. f4+ Kd6 40. Ra6+ Kd5
41. Rd7+
1-0

[Event "Summers"]
[Site "SchemingMind.com"]
[Date "2023.08.04"]
[Round "-"]
[White "Thomas Jacob Kelly"]
[Black "Holty"]
[Result "1/2-1/2"]
[WhiteCountry "USA"]
[BlackCountry "ENG"]
[WhiteElo "1866"]
[WhiteRD "79"]
[BlackElo "1835"]
[BlackRD "65"]
[GameID "736153"]

1. e4 e6 2. d4 d5 3. Nc3 dxe4 4. Nxe4 Nd7 5. Nf3 Ngf6 6. Nxf6+ Nxf6 7. c3 c5 8. Bb5+ Bd7 9. Bxd7+ Qxd7 10. Ne5 Qc7
11. Be3 Rd8 12. Qf3 cxd4 13. Bxd4 Qb8 14. O-O Bd6 15. Rfe1 O-O 16. Ng4 Nxg4 17. Qxg4 e5 18. Be3 Qc7 19. Re2 f5 20. Qa4 b6
21. Bd2 e4 22. g3 Kh8 23. Rd1 h6 24. Kg2 Qb7 25. Bf4 Bxf4 26. Rxd8 Rxd8 27. gxf4 e3+ 28. Kg1 Qd7 29. Qxd7 exf2+ 30. Kxf2 Rxd7
31. h4 g6 32. Ke1 Kg7 33. Re3=
1/2-1/2